00851cam a2200229 a 4500020001800000020001500018040000800033082002600041245011500067260007600182300005500258490005100313650003100364650002600395650001100421650002500432650003300457700003000490700001800520700002200538710006100560 a9789251069752 a9251069751 cWAU a636 FOO 2012 A056 Or.10aImproving biosecurity through prudent and responsible use of veterinary medicines in aquatic food production / aRome :bFood and Agriculture Organization of the United Nations,c2012. axiv, 207 p. :bill. (some col.), maps (some col.).1 aFAO fisheries and aquaculture technical paper, 0aAntibiotics in aquaculture 0aAnti-infective agents 0aFishes 0aAquaculture industry 0aEnvironmental responsibility1 aBondad-Reantaso, Melba G.1 aArthur, J. R.1 aSubasinghe, R. P.2 aFood and Agriculture Organization of the United Nations.